[Event "UKR-ch U14"]
[Site "Chernivtsi"]
[Date "2017.02.03"]
[Round "4"]
[White "Obodets, Maksym"]
[Black "Matveev, Artem"]
[Result "0-1"]
[WhiteElo "2027"]
[BlackElo "1963"]
[PlyCount "117"]
[EventDate "2017.02.01"]
[EventType "tourn"]
[EventRounds "11"]
[EventCountry "UKR"]
[SourceTitle "CBM 176 Extra"]
[Source "ChessBase"]
[SourceDate "2017.03.02"]
[SourceVersion "1"]
[SourceVersionDate "2017.03.02"]
[SourceQuality "1"]

1. d4 d5 2. Nf3 Nf6 3. e3 e6 4. Bd3 c5 5. b3 Nc6 6. 0-0 Bd6 7. Bb2 0-0 8. Nbd2 b6 9. a3 Bb7 10. Qe2 Rc8 11. Rac1 Qe7 12. c4 cxd4 13. Nxd4 Bxa3 14. Bxa3 Qxa3 15. Ra1 Qe7 16. f4 a5 17. g4 Nxd4 18. exd4 Qd6 19. c5 bxc5 20. g5 Ne4 21. Rxa5 Nxd2 22. Qxd2 c4 23. Bb1 cxb3 24. Qd3 g6 25. Qxb3 Ba6 26. Bd3 Bxd3 27. Qxd3 Rc4 28. Raa1 Rfc8 29. Qd2 Qb6 30. Rfd1 Rc2 31. Qe3 Qb5 32. Rd2 R2c3 33. Qe1 Qc4 34. Rad1 Rf3 35. Rf2 Qc3 36. Qf1 Qe3 37. Kg2 Rc2 38. Rxc2 Rxf1 39. Kxf1 Qxf4+ 40. Rf2 Qxg5 41. Ra1 Qe7 42. Ra6 Kg7 43. Rc6 h5 44. Rc3 g5 45. Re3 f6 46. Rc2 Qd6 47. Rce2 Kf7 48. Rf2 f5 49. Kg2 Kf6 50. Rfe2 g4 51. Re5 h4 52. h3 g3 53. R2e3 Qa6 54. Re2 Qb6 55. R5e3 Qxd4 56. Rxe6+ Kg5 57. Re8 Kf4 58. Ra8 Qd3 59. Raa2 0-1